000 00667nam a2200277Ia 4500
005 20260324132207.0
008 008 260324s9999 xx 000 0 eng d
020 _a9781003420507
037 _aEBOOK
040 _aCRL
040 _beng
040 _cCRL
041 _2eng
041 _aeng
084 _qCRL
100 _aTorri L Thompson
_91188329
245 0 _aMarriage and Its Dissolution in Early Modern England, Volume 4
260 _bTaylor and Francis
260 _c2005
365 _a
365 _b145
856 _uhttp://www.taylorfrancis.com/books/9781003420507
942 _cEBOOK
999 _c1786251
_d1786251